| 000 | 00670nas a2200229 4500 | ||
|---|---|---|---|
| 001 | BR8807681 | ||
| 003 | BR-BrBNA | ||
| 005 | 20231205091422.0 | ||
| 007 | ta | ||
| 008 | 230509b bl.|||p| |||| 00| 00por d | ||
| 040 |
_aBR-BrBNA _bpor _cBiblioteca Nacional de Agricultura |
||
| 041 | _a(Pt) | ||
| 072 | _aL73 | ||
| 100 | 1 | _aAnon. | |
| 245 | 1 | _aComo se difunde e se espalha a anemia infecciosa equina | |
| 650 | _aDOENCA ANIMAL | ||
| 650 | _aANEMIA INFECCIOSA | ||
| 650 | _aEQUINOCULTURA | ||
| 773 | 0 |
_tAgricultura e Pecuaria (Brazil) _xISSN 0100-249X _g(Aug 1974), no. 592 p. 36-37 _wBR8807681 |
|
| 909 |
_a202311 _bLúcia _c55 _dLúcia Elande |
||
| 942 |
_2AGRIS _n0 _cANA |
||
| 999 |
_c124949 _d124949 |
||